000 00520nam a2200181Ia 4500
003 GCL
008 140319s9999 xx 000 0 ara d
040 _aGCL /
_cGCL
082 0 4 _a928.3
_bت ن
100 1 _aشكرى محمد عياد
245 1 0 _aنصوص مختارة من تولستوى /
_cشكرى محمد عياد
700 1 _aتفايج، ستيفان
300 _a182 ص
490 _aالالف كتاب
_v0
650 0 4 _aالادب الروسى
650 0 4 _aتولستوى, ليو
942 _2ddc
_cBK
999 _c43218
_d43218